000 00759nas a2200265 4500
001 BR0003267
003 BR-BrBNA
005 20231205101926.0
007 ta
008 230509b bl.|||p| |||| 00| 00por d
040 _aBR-BrBNA
_bpor
_cBiblioteca Nacional de Agricultura
041 _a(Pt)
072 _aL73
100 1 _aOliveira, S.T.
100 1 _aCunha, C.G.
100 1 _aIwanaga, S.H.
100 1 _aCoelho, H.E.
100 1 _aManzan, R.M.
245 1 _aMixossarcoma em mesenterio de cao
650 _aCao
650 _aNeoplasia
773 0 _tArquivo Brasileiro de Medicina Veterinaria e Zootecnia (Brazil)
_xISSN 0102-0935
_g(Dec 1999), v. 51(6) p.537-538
_wBR0003267
909 _a202311
_bLúcia
_c55
_dLúcia Elande
942 _2AGRIS
_n0
_cANA
999 _c164750
_d164750